Derecho civil español
Gespeichert in:
| 1. Verfasser: | |
|---|---|
| Format: | Buch |
| Sprache: | Spanisch |
| Veröffentlicht: |
Barcelona
Bosch
1955
|
| Schlagworte: | |
| Tags: |
Tag hinzufügen
Keine Tags, Fügen Sie den ersten Tag hinzu!
|
MARC
| LEADER | 00000nam a2200000 a 4500 | ||
|---|---|---|---|
| 001 | UCS1571 | ||
| 003 | CL-VaPUC | ||
| 008 | 970515e19550000SP |||||||||||||||||spa|d | ||
| 082 | 0 | 4 | |a 346.46 |b BOR |2 21 |
| 100 | 0 | |a Borrell y Soler, Antonio M |e author |9 386098 | |
| 245 | 1 | 0 | |a Derecho civil español |
| 300 | |a 5 v | ||
| 942 | |c BK | ||
| 945 | |d 19970515 00:00:00 |a cmena | ||
| 260 | |a Barcelona |b Bosch |c 1955 | ||
| 500 | |a v.1: Parte general | ||
| 500 | |a v.2: Derechos reales | ||
| 500 | |a v.3: Obligaciones y contratos | ||
| 500 | |a v.4: Derecho de familia | ||
| 500 | |a v.5: Sucesiones por causa de muerte | ||
| 650 | 0 | |a Derecho privado |9 258243 | |
| 650 | 0 | |a Derecho civil |9 255013 | |
| 650 | 0 | |a Código civil |9 256135 | |
| 650 | 0 | |a Derecho español |9 255291 | |
| 650 | 0 | |a Jurisprudencia |9 255952 | |
| 650 | 7 | |a LEGISLACION |2 CL-VaPUC |9 386099 | |
| 650 | 0 | |a Obligaciones |9 255578 | |
| 650 | 0 | |a Contratos |9 255153 | |
| 650 | 0 | |a Derecho sucesorio |9 255015 | |
| 650 | 0 | |a Familias |9 255641 | |
| 650 | 0 | |a Posesión |9 258681 | |
| 650 | 0 | |a Herencia |9 256325 | |
| 650 | 0 | |a Muerte |9 265114 | |
| 650 | 0 | |a Derecho sucesorio |9 255015 | |
| 651 | 0 | |a España |9 254926 | |
| 583 | |a last modification |c 19970515 00:00:00 |k Rodrigo Vera | ||
| 999 | |c 259608 |d 259606 | ||
| 952 | |0 0 |1 0 |4 0 |6 346_460000000000000_BOR_1955 |7 0 |8 A |9 284644 |a BIBDER |b BIBDER |d 2019-11-19 |h v.1 |i 1849816 |o 346.46 BOR 1955 |p 1849816 |r 2019-11-19 |w 2019-11-19 |y BK |k DER | ||
| 952 | |0 0 |1 0 |4 0 |6 346_460000000000000_BOR_1955 |7 0 |8 A |9 284645 |a BIBDER |b BIBDER |d 2019-11-19 |h v.2 |i 1849824 |o 346.46 BOR 1955 |p 1849824 |r 2019-11-19 |w 2019-11-19 |y BK |k DER | ||
| 952 | |0 0 |1 0 |4 0 |6 346_460000000000000_BOR_1955 |7 0 |8 A |9 284646 |a BIBDER |b BIBDER |d 2019-11-19 |h v.3 |i 1849832 |o 346.46 BOR 1955 |p 1849832 |r 2019-11-19 |w 2019-11-19 |y BK |k DER | ||
| 952 | |0 0 |1 0 |4 0 |6 346_460000000000000_BOR_1955 |7 0 |8 A |9 284647 |a BIBDER |b BIBDER |d 2019-11-19 |h v.4 |i 1849840 |o 346.46 BOR 1955 |p 1849840 |r 2019-11-19 |w 2019-11-19 |y BK |k DER | ||
| 952 | |0 0 |1 0 |4 0 |6 346_460000000000000_BOR_1955 |7 0 |8 A |9 284648 |a BIBDER |b BIBDER |d 2019-11-19 |h v.5 |i 1849859 |o 346.46 BOR 1955 |p 1849859 |r 2019-11-19 |w 2019-11-19 |y BK |k DER | ||